[Event "Sao Jose dos Campos op 3rd"]
[Site "Sao Jose dos Campos"]
[Date "2021.08.21"]
[Round "3"]
[White "Deus Filho, Joaquim"]
[Black "Marinho, Adriano"]
[Result "1/2-1/2"]
[WhiteElo "1909"]
[BlackElo "1510"]
[PlyCount "170"]
[EventDate "2021.08.21"]
[EventType "swiss"]
[EventRounds "5"]
[EventCountry "BRA"]
[SourceTitle "CBM 204 Extra"]
[Source "ChessBase"]
[SourceDate "2021.11.30"]
[SourceVersion "1"]
[SourceVersionDate "2021.11.30"]
[SourceQuality "1"]

1. e4 c5 2. Nf3 Nc6 3. Bb5 e6 4. Bxc6 bxc6 5. e5 g6 6. d3 h6 7. Nc3 Ne7 8. Ne4 Bg7 9. Nd6+ Kf8 10. Be3 Nf5 11. Bxc5 Nxd6 12. Bxd6+ Kg8 13. 0-0 Qb6 14. b4 Bf8 15. Bxf8 Kxf8 16. Qd2 c5 17. bxc5 Qxc5 18. d4 Qc6 19. Rab1 Kg7 20. Rfc1 Bb7 21. Qf4 Rhc8 22. Qf6+ Kg8 23. Ne1 Rab8 24. Rb3 Qe4 25. Rf3 Rf8 26. Rf4 Qe2 27. Rh4 Qd2 28. Ra1 Bd5 29. Nf3 Bxf3 30. Qxf3 Qxc2 31. h3 Qd2 32. Rd1 Qg5 33. Rg4 Qf5 34. Qxf5 exf5 35. Rg3 Rfc8 36. Ra3 Rb7 37. Rd2 Kf8 38. Kf1 Rc1+ 39. Ke2 Ke7 40. Ra6 Rc6 41. Ra5 Rc4 42. f4 h5 43. Ra6 Rc6 44. Ra4 Rcb6 45. Rc2 Rb4 46. Rxb4 Rxb4 47. Kd3 Ra4 48. Kc3 Ke6 49. Kd3 Ra5 50. Kc4 Ra4+ 51. Kc5 Ra5+ 52. Kb4 Ra6 53. h4 Kd5 54. Rd2 Rc6 55. Kb5 Ke4 56. g3 Rc3 57. a4 Rxg3 58. Kc5 Rc3+ 59. Kd6 Kxf4 60. Kxd7 Ke3 61. Rd1 Rd3 62. Rxd3+ Kxd3 63. d5 f4 64. e6 fxe6 65. dxe6 f3 66. e7 f2 67. e8Q f1Q 68. Qxg6+ Kc3 69. Qc6+ Qc4 70. a5 Kb4 71. Qxc4+ Kxc4 72. Kc6 a6 73. Kb6 Kd5 74. Kxa6 Kc6 75. Ka7 Kc7 76. a6 Kc8 77. Kb6 Kb8 78. Kc6 Ka7 79. Kd6 Kxa6 80. Ke5 Kb6 81. Kf5 Kc7 82. Kg5 Kd7 83. Kxh5 Ke8 84. Kg6 Kf8 85. Kh7 Kf7 1/2-1/2

[Event "Sao Jose dos Campos op 3rd"]
[Site "Sao Jose dos Campos"]
[Date "2021.08.21"]
[Round "1"]
[White "Zakowicz, Rafael1"]
[Black "Marinho, Adriano"]
[Result "1-0"]
[WhiteElo "1974"]
[BlackElo "1510"]
[PlyCount "81"]
[EventDate "2021.08.21"]
[EventType "swiss"]
[EventRounds "5"]
[EventCountry "BRA"]
[SourceTitle "CBM 204 Extra"]
[Source "ChessBase"]
[SourceDate "2021.11.30"]
[SourceVersion "1"]
[SourceVersionDate "2021.11.30"]
[SourceQuality "1"]

1. e4 c5 2. Nf3 Nc6 3. a4 a6 4. Bc4 e6 5. Qe2 Be7 6. d3 d5 7. Bb3 dxe4 8. dxe4 e5 9. c3 Nf6 10. h3 h6 11. 0-0 0-0 12. Nbd2 Qc7 13. Nc4 Be6 14. Bc2 Bxc4 15. Qxc4 b5 16. Qe2 Na5 17. axb5 axb5 18. Qxb5 Rfb8 19. Qe2 c4 20. Nh4 Nh7 21. Nf5 Bg5 22. Qg4 Nf6 23. Qg3 Nh5 24. Qg4 Nf6 25. Qg3 Nh5 26. Qf3 Bxc1 27. Raxc1 Nf4 28. g3 Nxh3+ 29. Kg2 Ng5 30. Qg4 Rxb2 31. f4 exf4 32. gxf4 Ra6 33. fxg5 Rg6 34. Qf4 Rxg5+ 35. Kf3 Qd8 36. Rfd1 Qf6 37. e5 Qc6+ 38. Be4 Qc5 39. Rd8+ Kh7 40. Nd4+ Rg6 41. Qxf7 1-0

[Event "Sao Paulo op-C U1700 8th"]
[Site "Sao Paulo"]
[Date "2019.10.20"]
[Round "6"]
[White "Marinho, Adriano"]
[Black "Monteiro, Daniel Zotelli"]
[Result "1-0"]
[WhiteElo "1778"]
[BlackElo "1608"]
[PlyCount "133"]
[EventDate "2019.10.17"]
[EventType "swiss"]
[EventRounds "6"]
[EventCountry "BRA"]
[SourceTitle "CBM 192 Extra"]
[Source "Chessbase"]
[SourceDate "2019.11.06"]
[SourceVersion "1"]
[SourceVersionDate "2019.11.06"]
[SourceQuality "1"]

1. e4 e5 2. Nf3 Nc6 3. Bb5 a6 4. Ba4 Nf6 5. d3 b5 6. Bb3 h6 7. c3 d6 8. Be3 g6 9. Nbd2 Bg7 10. d4 Ng4 11. 0-0 Bb7 12. h3 Nxe3 13. fxe3 0-0 14. Nh2 Qe7 15. Qg4 Na5 16. Bc2 Bc8 17. Qf3 c5 18. d5 Bd7 19. b3 b4 20. c4 f5 21. Rae1 f4 22. exf4 Rxf4 23. Qg3 g5 24. Bd1 Raf8 25. Bg4 Be8 26. Be6+ Kh8 27. Ndf3 Bg6 28. Nd2 Rxf1+ 29. Ndxf1 Rf4 30. Qe3 Nb7 31. Ng3 Nd8 32. Nf5 Bxf5 33. Bxf5 g4 34. hxg4 Qg5 35. Nf3 Qe7 36. g3 Rxf5 37. gxf5 Nf7 38. Nh4 Qg5 39. Qxg5 Nxg5 40. Ng6+ Kg8 41. Kf2 Kf7 42. g4 Bf6 43. Ke3 Kg7 44. a3 a5 45. axb4 cxb4 46. Rc1 Nf7 47. Rc2 Bd8 48. Kd3 Bb6 49. Ne7 Kf6 50. Nc8 Bd4 51. Ra2 Kg5 52. Rxa5 Kxg4 53. Rb5 h5 54. Rb7 Ng5 55. f6 Kf4 56. f7 Nh7 57. f8Q+ Nxf8 58. Rf7+ Kg3 59. Rxf8 Bc5 60. Rf6 h4 61. Nxd6 h3 62. Nf5+ Kg2 63. Ke2 h2 64. Rg6+ Kh1 65. Ng3+ Kg2 66. Nf1+ Kh1 67. Rh6 1-0